00894nam a2200253Ia 4500001000900000003000500009005001700014008004100031010001100072020001800083040000900101082002400110100003400134245017100168260004000339300001700379440006100396503000800457504003100465650002100496650002800517650004800545700004700593dia_3007CHAP20251023170456.0220117s1996 xx 000 0 und d a173511 a968-884-324-5 cCHAP a633.576972 S57 1996 aSánchez Peña, J. Víctor aEl sistema-producto piña en México : situación, tendencias, problemática y alternativas /c J. Víctor Sánchez Peña y Felipe de Jesús Caraveo López aMéxico :b UACh, CIESTAAM,c1996 axiii, 107 p. aEstructura y dinámica de los sistemas agroindustriales aC/e aBibliografía: p. 103-105 aAnanas comosus  7aPiña (Ananas comosus) 0aPiña (Ananas comosus)xManejo del cultivo aCaraveo López, Felipe de Jesús, coaut.